000 01621nam a22004217a 4500
003 CHAP
005 20220329143715.0
008 110316s2011 mx r 00010 spa d
010 _a100666
011 _a101638
035 _a112326
040 _cCHAP
090 _aTesis
100 1 _aArellano Alvarez, Jessica Edith
_96886
245 1 0 _aRecubrimiento de quitosano en tuna blanca (Opuntia amyclaea) mínimamente procesada
_h[En línea]
_c/por Jessica Edith Arellano Álvarez
260 _aChapingo, Méx. :
_bEl autor,
_c2011
500 _aPara ver el contenido del material haga clic en la liga
502 _aTesis (Ing. Agroindustrial) -- UACH. Departamento de Ingeniería Agroindustrial
590 _aALEPH
_b10
_c20130110
_lUCH01
_h1539
590 _aBATCH-UPD
_b10
_c20130110
_lUCH01
_h1021
590 _aBATCH-UPD
_b10
_c20130410
_lUCH01
_h0627
590 _aBATCH-UPD
_b10
_c20130914
_lUCH01
_h1445
590 _aBATCH-UPD
_b10
_c20140324
_lUCH01
_h1523
590 _aBATCH-UPD
_b10
_c20141002
_lUCH01
_h0848
590 _aBATCH
_b00
_c20181121
_lUCH01
_h0758
590 _aCONVERSION
_b10
_c20130109
_lUCH01
_h1355
650 1 4 _aFruta
_xConservación por frío.
_943603
650 1 4 _aFruta
_xProcesado.
_943653
650 1 4 _aOpuntia amyclaea.
_983388
650 1 4 _aQuitosano.
_993548
650 1 4 _aTuna.
_9115544
856 _3Finding aid
_uhttp://10.13.5.2/tesis/112326.pdf
_zTeclea aqui
856 _a1
_n0000472
901 _aBK
942 _cFOLL
949 _aTesis
_bBC
_cTES
_d33724002222777
_eTS2
_fc.2
_gDonaciØn
_h52079
_i112326
_st
949 _aTesis
_bBC
_cTES
_d33724002223488
_eTS1
_gDonaciØn
_h52078
_i112326
_st
999 _c100666
_d100666